000 00579nam a2200193 a 4500
005 20220531063610.0
008 020507s1997 mx r 000 0 spa d
020 _a0198289391
035 _aUPN01000117201
049 _aCG
050 4 _aT58.5
_bI5.3
245 0 0 _aInformation technology and organizations :
_bstrategies, networks and integration /
_ced. Brian P. Bloomfield... [et al.].
260 _aNew York :
_bOxford University,
_c1997.
300 _a186 p.
650 2 _aTecnología de la información
_94816
901 _a185044
902 _aMCM/cav
905 _aLibro
999 _c89749
_d89749